| 000 | cam a22 a 4500 | ||
|---|---|---|---|
| 999 |
_c4181 _d4181 |
||
| 003 | AKMAL | ||
| 005 | 20170525143821.0 | ||
| 008 | 170525s1991 my g 00 may d | ||
| 020 |
_a9838080012 _cEdaran terhad |
||
| 082 | 0 | 4 |
_a959.505 UDA _220 |
| 090 | 0 | 0 |
_a959.505 _bUDA |
| 245 | 0 | 0 |
_aUDA : _bmerubah wajah kota |
| 260 |
_aKuala Lumpur : _bDaya Urus, _c1991 |
||
| 300 |
_a111ms. : _bil. wrn. ; _c23 x 28cm. |
||
| 500 | _aTeks sejajar bahasa Malaysia dan Inggeris | ||
| 521 | _aPeringkat pembaca : Dewasa | ||
| 610 | 2 | 0 |
_aPerbadanan Pembangunan Bandar _98204 |
| 650 | 0 |
_aUrban policy _zMalaysia _98205 |
|
| 650 | 0 |
_aCity planning _zMalaysia _92991 |
|
| 650 | 0 |
_aCities and towns _zMalaysia _98206 |
|
| 650 | 0 |
_aCommunity developement, Urban _zMalaysia _98207 |
|
| 710 | 2 |
_aPerbadanan Pembangunan Bandar _98204 |
|
| 942 |
_2ddc _cBOOK |
||